00405nam a2200145Ia 4500003000400000008004100004040001600045082002700061100002600088245006500114260002800179490000500207650001900212650002800231GCL140319s9999 xx 000 0 ara d aGCL / cGCL04aكاسيتb159bم س1 aمحمد اليمنى10aسبيكة وابو الحلجان / cمحمد اليمنى a[S.N] : bلا يوجد a04aالاغانى04aشرائط كاسيت